Online
Catalog
Normal view MARC view

Entry Nombre personal

Number of records used in: 25

001 - NÚMERO DE CONTROL

  • campo de control: 1837

003 - IDENTIFICADOR DEL NÚMERO DE CONTROL

  • campo de control: BNPHU

005 - FECHA Y HORA DE LA ÚLTIMA TRANSACCIÓN

  • campo de control: 20240228133747.0

008 - DATOS DE LONGITUD FIJA

  • campo de control de longitud fija: 200615|| aca||aabn | a|a d

040 ## - FUENTE DE LA CATALOGACIÓN

  • Centro catalogador/agencia de origen: DO-SdBNP
  • Lengua de catalogación: spa
  • Centro/agencia transcriptor: BNPHU
  • Normas de descripción: rda

100 1# - ENCABEZAMIENTO-NOMBRE DE PERSONA

  • Nombre de persona: Castro Ventura, Santiago

370 ## - LUGAR ASOCIADO

  • Lugar de nacimiento: Santo Domingo (República Dominicana)

374 ## - OCUPACIÓN

  • Ocupación: Pediatra
  • Ocupación: Historiador

375 ## - GÉNERO/SEXO

  • Género/Sexo: Masculino

377 ## - LENGUA/LENGUAJE ASOCIADO

  • Código del idioma: spa

400 1# - TRAZADO DE VÉASE--NOMBRE DE PERSONA

  • Nombre de persona: Ventura, Santiago Castro

670 ## - FUENTE DE DATOS ENCONTRADOS

  • Cita de la fuente: Castro Ventura, Santiago, Trujillo :, 2007.

670 ## - FUENTE DE DATOS ENCONTRADOS

  • Cita de la fuente: Historia de la educación médica dominicana, 2015

Powered by Koha